U.S. Presidents that Lost Their Birth States - Statistics

General Stats
  • This quiz has been taken 27 times
  • The average score is 6 of 8
Answer Stats
Election Year State President % Correct
2016/2024 New York Donald Trump
93%
1860/1864 Kentucky Abraham Lincoln
85%
1988 Massachusetts George H. W. Bush
85%
2000/2004 Connecticut George W. Bush
85%
1832 South Carolina Andrew Jackson
78%
1844 North Carolina James K. Polk
70%
1840 Virginia William Henry Harrison
67%
1848 Virginia Zachary Taylor
67%
No matching quizzes found
Score Distribution
Percent of People with Each Score
Percentile by Number Answered
Your Score History
You have not taken this quiz